Southville International School and Colleges
Your cart is empty.
  • Cart
  • Lists
    Public lists Eva Luna New books Lux_list list_1
    Your lists Log in to create your own lists
  • Log in to your account
  • Your cookies
  • Search history
Southville International School and Colleges
  • Advanced search
  • Recent comments
  • Most popular
  • Libraries

Log in to your account

Log in with GOOGLE


If you do not have an external account, but do have a local account, you can still log in:

  1. Home
  2. MARC view: Mamista
Normal view MARC view ISBD view

Mamista (Record no. 11594)

[ view plain ]
MARC details
000 -LEADER
fixed length control field 00893cam a2200301 a 4500
001 - CONTROL NUMBER
control field 2017096
003 - CONTROL NUMBER IDENTIFIER
control field PILC
005 - DATE AND TIME OF LATEST TRANSACTION
control field 20160204100129.0
008 - FIXED-LENGTH DATA ELEMENTS--GENERAL INFORMATION
fixed length control field 910205s1991 nyu 000 1 eng
010 ## - LIBRARY OF CONGRESS CONTROL NUMBER
LC control number 91055099
020 ## - INTERNATIONAL STANDARD BOOK NUMBER
International Standard Book Number 9780061090967
040 ## - CATALOGING SOURCE
Original cataloging agency DLC
Transcribing agency DLC
Modifying agency DLC
-- OCoLC
043 ## - GEOGRAPHIC AREA CODE
Geographic area code f-eg---
050 00 - LIBRARY OF CONGRESS CALL NUMBER
Classification number PR 6054.E37
Item number .D324 1992
082 00 - DEWEY DECIMAL CLASSIFICATION NUMBER
Classification number FIC
Item number D36m 1991
100 1# - MAIN ENTRY--PERSONAL NAME
Personal name Deighton, Len,
Dates associated with a name 1929-
9 (RLIN) 20697
245 10 - TITLE STATEMENT
Title Mamista
Statement of responsibility, etc Len Deighton
250 ## - EDITION STATEMENT
Edition statement 1st ed.
260 ## - PUBLICATION, DISTRIBUTION, ETC. (IMPRINT)
Place of publication, distribution, etc New York :
Name of publisher, distributor, etc HarperPaperbacks,
Date of publication, distribution, etc c1992.
300 ## - PHYSICAL DESCRIPTION
Extent 455 p. :
Dimensions 17 cm.
562 ## - COPY AND VERSION IDENTIFICATION NOTE
Number of copies 1
650 ## - SUBJECT ADDED ENTRY--TOPICAL TERM
Topical term or geographic name as entry element Fiction
9 (RLIN) 746
655 #7 - INDEX TERM--GENRE/FORM
Genre/form data or focus term War stories.
Source of term gsafd
9 (RLIN) 4878
906 ## - LOCAL DATA ELEMENT F, LDF (RLIN)
a 7
b cbc
c orignew
d 1
e ocip
f 19
g y-gencatlg
942 ## - ADDED ENTRY ELEMENTS (KOHA)
Source of classification or shelving scheme Library of Congress Classification
Koha item type Books
Holdings
Withdrawn status Lost status Source of classification or shelving scheme Damaged status Home library Current library Shelving location Date acquired Total Checkouts Full call number Barcode Date last seen Copy number Price effective from Koha item type
    Library of Congress Classification   Luxembourg Library Luxembourg Library Fiction Section 09/17/2013   PR 6054.E37 .D324 1992 9574 09/17/2013 1 09/17/2013 Books

Mamista

APA

Deighton L., . (1992). Mamista. New York: HarperPaperbacks.

Chicago

Deighton Len, . 1992. Mamista. New York: HarperPaperbacks.

Harvard

Deighton L., . (1992). Mamista. New York: HarperPaperbacks.

MLA

Deighton Len, . Mamista. New York: HarperPaperbacks. 1992.

  • Place hold
  • Print
  • Cite
  • Add to your cart (remove)
  • Save record
    BIBTEX Dublin Core MARCXML MARC (non-Unicode/MARC-8) MARC (Unicode/UTF-8) MARC (Unicode/UTF-8, Standard) MODS (XML) RIS
  • More searches
    Search for this title in:
    Other Libraries (WorldCat) Other Databases (Google Scholar) Online Stores (Bookfinder.com) Open Library (openlibrary.org)

Exporting to Dublin Core...

SOUTHVILLE LIBRARY

Southville International School and Colleges Library

1281 Tropical Ave. Cor. Luxembourg St., BF Homes International, Las Pinas City

Tel. No. 8256374 / 252358 Loc. 117/146

Powered by Koha